Education in New Zealand, (Record no. 34531)

MARC details
000 -LEADER
fixed length control field 01303cam a22002891 4500
001 - CONTROL NUMBER
control field hew65000044
003 - CONTROL NUMBER IDENTIFIER
control field DLC
005 - DATE AND TIME OF LATEST TRANSACTION
control field 20260227111513.0
008 - FIXED-LENGTH DATA ELEMENTS--GENERAL INFORMATION
fixed length control field 731210s1964 dcuab b f000 0 eng c
010 ## - LIBRARY OF CONGRESS CONTROL NUMBER
LC control number hew65000044
035 ## - SYSTEM CONTROL NUMBER
System control number (OCoLC)757286
040 ## - CATALOGING SOURCE
Original cataloging agency U.S. Dept. of Health, Education, and Welfare. Library
Transcribing agency OClU
Modifying agency OCoLC
-- DLC
042 ## - AUTHENTICATION CODE
Authentication code premarc
050 00 - LIBRARY OF CONGRESS CALL NUMBER
Classification number L111
Item number .A6 1964, no. 34
051 ## - LIBRARY OF CONGRESS COPY, ISSUE, OFFPRINT STATEMENT
Classification number LA2121
Item number .B46
100 1# - MAIN ENTRY--PERSONAL NAME
Personal name Berrien, Marcia Taff,
Dates associated with a name 1925-
245 00 - TITLE STATEMENT
Title Education in New Zealand,
Statement of responsibility, etc. by Marcia T. Berrien.
260 ## - PUBLICATION, DISTRIBUTION, ETC.
Place of publication, distribution, etc. [Washington]
Name of publisher, distributor, etc. U.S. Dept. of Health, Education, and Welfare, Office of Education; [for sale by the Superintendent of Documents, U.S. Govt. Print. Off.,
Date of publication, distribution, etc. 1964]
300 ## - PHYSICAL DESCRIPTION
Extent vi, 87 p.
Other physical details illus., map.
Dimensions 24 cm.
490 1# - SERIES STATEMENT
Series statement U.S. Office of Education. Bulletin 1964,
Volume/sequential designation no. 34
500 ## - GENERAL NOTE
General note Studies in comparative education.
500 ## - GENERAL NOTE
General note "OE-14105."
501 ## - WITH NOTE
With note Copies 1 and 2 of L111.A6 with: Education in Peru / Adela R. Freeburger and Charles E. Hauch. Washington : U.S. Dept. of Health, Education, and Welfare, Office of Education, 1964. Bound together subsequent to publication.
Institution to which field applies DLC
504 ## - BIBLIOGRAPHY, ETC. NOTE
Bibliography, etc. note Bibliography: p. 85-87.
650 #0 - SUBJECT ADDED ENTRY--TOPICAL TERM
Topical term or geographic name entry element Education
Geographic subdivision New Zealand.
810 1# - SERIES ADDED ENTRY--CORPORATE NAME
Corporate name or jurisdiction name as entry element United States.
Subordinate unit Office of Education.
Title of a work Studies in comparative education.

No items available.

Powered by Koha